| 000 | 00620nam a2200193Ia 4500 | ||
|---|---|---|---|
| 003 | GCL | ||
| 008 | 140319s9999 xx 000 0 ara d | ||
| 040 |
_aGCL / _cGCL |
||
| 082 | 0 | 4 |
_a296 _bم م |
| 100 | 1 | _aمنى ناظم | |
| 245 | 1 | 0 |
_aالمسيح اليهودى ومفهوم السيادة الاسرائيلية / _cمنى ناظم |
| 260 |
_aالامارات : _bمؤسسة الاتحاد للصحافة والنشر |
||
| 300 |
_a264 ص ؛ _c24 سم |
||
| 490 |
_aنحن وهم _v1 |
||
| 650 | 0 | 4 | _aاليهودية |
| 650 | 0 | 4 | _aالدين اليهودى |
| 650 | 0 | 4 | _aالنصرانية |
| 942 |
_2ddc _cBK |
||
| 999 |
_c40280 _d40280 |
||